| 000 | 00358 a2200145 4500 | ||
|---|---|---|---|
| 999 |
_c12124 _d12124 |
||
| 003 | OSt | ||
| 005 | 20240111174124.0 | ||
| 008 | 240111b ||||| |||| 00| 0 eng d | ||
| 020 | _a 9781782143895 | ||
| 082 | _a751.422 | ||
| 100 | _aWendy Jelbert & Ian Sidaway | ||
| 245 | _aThe practical encyclopedia of watercolour | ||
| 260 | _bLorenz Book | ||
| 942 | _2ddc | ||